000 00258nam a22001097a 4500
020 _a9788131906262
082 _aK800
100 _aBARNETT, STEPHEN
245 _aPLAYING WITH FRIENDS - LEVEL 1 - WORLD AROUND US - READ AND SHINE
300 _a32P
942 _cBK
999 _c2948
_d2948